Sociálna starostlivosť do kompetencií samospráv Vláda SR ocenila činnosť Antona Hlinku

Podrobná bibliografia
Hlavný autor: (pj) (Autor)
Médium: Článok
Jazyk:slovenčina
Predmet:

MARC

LEADER 00000nab a2200000 a 4500
001 vtls000603611
003 SK-MaSNL
005 20260303014403.0
008 160401c1996 xo 0 slo
015 |a SNBRB19rr/mm-uuuuu 
035 |a CL0603750 
040 |a SNKBUCL  |b slo  |c SNKBUCL  |e AACR2 
041 0 |a slo 
044 |a xo  |c SK 
080 |a 328.1(437.6)  |2 1981 
100 1 |a (pj)  |4 aut  |9 871536 
245 1 0 |a Sociálna starostlivosť do kompetencií samospráv  |b Vláda SR ocenila činnosť Antona Hlinku  |c (pj) 
650 0 7 |a vláda Slovenskej republiky  |2 snkbucl  |9 898250 
655 7 |a články z novín a časopisov  |2 snkbucl  |9 267496 
773 0 |t Slovenská republika  |g Roč. 4, č. 259 (6. 11. 1996), s. 1-2 
850 |a Slovenská národná knižnica v Martine  |a MTA001 
852 |a SNK  |b KIS3GCP 
958 |a SK 
958 |a RK 
958 |a RBX 
999 |c 1607366  |d 1609296